000 00575nam a2200229Ia 4500
005 20260320201425.0
008 008 262003s9999 xx 000 0 eng d
037 _aEBOOK
040 _aCRL
040 _beng
040 _cCRL
041 _2eng
041 _aeng
084 _qCRL
100 _aGhose
245 0 _aHer Space, Her Time: How Trailblazing Women Scientists Decoded the Hidden Universe
260 _bIEEE
856 _uhttps://ieeexplore.ieee.org/servlet/opac?bknumber=10339001
942 _cEBOOK
999 _c1721161
_d1721161